000 03692nam a2200361 a 4500
003 CHAP
005 20230421190330.0
007 ta
008 230421s1972 mx |||gr|||| 001 e spa d
020 _a978-968-16-0782-1
040 _amxchpua
_cCHAP
_erda
050 1 0 _aPN1048
_b.P39 1972
082 0 0 _a808.849357
_bP39 1972
_220
100 1 _986376
_aPaz, Octavio
245 1 3 _aEl arco y la lira :
_bel poema. La revelación poética. Poesía e historia /
_cOctavio Paz
250 _a3a edición
264 _aMéxico :
_bFondo de Cultura Económica,
_c1972
300 _a307 páginas :
336 _2rdacontent
_atexto
_btxt
337 _2rdamedia
_asin medio
_bn
338 _2rdacarrier
_avolumen
_bnc
490 1 _aLengua y estudios literarios (FCE)
505 0 _aAdvertencia a la primera edición 7 -- Advertencia a la segunda edición 9 -- INTRODUCCIÓN -- Poesía y poema 13 -- EL POEMA -- El lenguaje 29 -- El ritmo 49 -- Verso y prosa 68 -- La imagen 98 -- LA REVELACIÓN POÉTICA -- La otra orilla 117 -- La revelación poética 137 -- La inspiración 157 -- POESÍA E HISTORIA -- La consagración del instante 185 -- El mundo heroico 198 -- Ambigüedad de la novela 219 -- El verbo desencarnado 232 -- EPÍLOGO -- Los signos en rotación 253 -- APÉNDICES -- I. Poesía, Sociedad, Estado 287 -- II. Poesía y respiración 295 -- III. Whitman, poeta de América 297
520 2 _aLas reflexiones de Octavio Paz sobre el fenómeno poético, su lugar en la historia y, singularmente, en nuestra época y en nuestra vida personal son en buena parte el testimonio que el poeta da acerca de una cuestión nunca dilucidada del todo. Al preguntarse ¿qué es la poesía?, Octavio Paz responde refiriendo la pregunta a otro ser, no menos enigmático: el poema. En la primera parte de este libro, el autor examina la naturaleza del poema y hace un análisis de sus componentes: lenguaje, ritmo e imagen. El estudio del poema lleva a Octavio Paz a inclinarse sobre un nuevo problema: ¿En qué consiste la creación poética, esto es, la creación de poemas? En la segunda parte de su libro, Paz examina las diferencias y semejanzas entre la experiencia poética y la religiosa, dedica un capítulo al espinoso problema de la "inspiración" y concluye afirmando que la experiencia poética es irreductible a cualquiera otra. Tras estudiar el "decir poético" y su significación, el autor se plantea un nuevo problema: ¿cómo se comunica este decir poético? Paz afirma que el poema es de naturaleza histórica; pero esta manera de ser histórica es paradójica, pues si bien el poema constituye un producto social, expresión de una época determinada, también es una condición previa a la existencia de toda sociedad. La poesía consagra el instante y convierte el transcurrir histórico en arquetipo. A continuación, Paz examina algunos ejemplos de "consagración" de la historia por la poesía: el teatro griego -cuyo tema central es el "sacrilegio"-, la novela y la poesía lírica de la edad moderna. Particular importancia dentro de las ideas del autor reviste esta última, pues constituye "una tentativa del verbo por encarnar en la vida". Luego de analizar la aventura de la poesía moderna y las causas de su fracaso histórico, Octavio Paz ofrece su idea sobre la función de la poesía en nuestra época.
650 1 2 _9133612
_aLiteratura mexicana
_ySiglo XX
650 1 7 _937078
_aEnsayos mexicanos
650 1 7 _990141
_aPoesía
650 1 3 _9153762
_aMexican literature
_x
_y20th. century
650 1 0 _9153132
_aEssay
650 1 0 _9186760
_aPoetry
830 _965982
_aLengua y estudios literarios (FCE)
942 _2ddc
_cLibro
999 _c218616
_d218616